| 000 | 00940nam a22002771 4500 | ||
|---|---|---|---|
| 001 | 6084 | ||
| 003 | BD-RjUL | ||
| 005 | 20211208234201.0 | ||
| 008 | 14 t1966 enka b 00100 eng | ||
| 035 | _a(BD-RjUL)6123 | ||
| 040 |
_aDLC _cDLC _dm.c. _dBOS _dBD-RjUL _beng |
||
| 041 | _aeng | ||
| 082 | 0 | 4 |
_222 _a330.94 _bWOI 1966 |
| 090 |
_aHC51 _bF66 |
||
| 100 | 1 |
_aWoodruff, William. _919147 |
|
| 245 | 1 | 0 |
_aImpact of western man : _ba study of Europe's role in the world economy, (1750-1960) / _cWilliam Woodruff |
| 260 |
_aLondon : _aMelbourne [etc.] : _bMacmillan ; _aNew York : _bSt. Martin's P., _cc1966 |
||
| 300 |
_axvii, 375 p. : _bill. ; _c23 cm. |
||
| 350 |
_a50/- _a(25/- pbk.) |
||
| 500 | _aMaps on endpapers. | ||
| 504 | _aIncludes bibliographical reference and index. | ||
| 650 | 0 |
_aEconomic history _y1750-1918. _97624 |
|
| 650 | 0 |
_aEconomic history _y1918- _916883 |
|
| 650 | 0 |
_aCivilization, Western. _912011 |
|
| 942 |
_2ddc _cBK |
||
| 999 |
_c6084 _d6084 |
||